Australien: Bundesstaaten und Territorien nach Abkürzung - Statistiken

Allgemein
  • Dieses Quiz wurde 32 mal gespielt
  • Das Durchschnittsergebnis liegt bei 5 aus 8
Antworten auf der Karte
Die Antworten werden auf der Karte rot bzw. grün angezeigt, abhängig davon wie oft sie richtig erraten wurden.
 
Antwortstatistiken
Abk. Bundesstaat oder Territorium % Korrekt
NSW Neusüdwales
96%
WA Westaustralien
81%
NT Nordterritorium
73%
SA Südaustralien
69%
TAS Tasmanien
69%
VIC Victoria
58%
QLD Queensland
54%
ACT Australisches Hauptstadtterritorium
35%
Keine übereinstimmenden Quizze gefunden
Verteilung der Resultate
Anzahl Personen mit jedem Resultat
Perzentil nach korrekt beantworteten Fragen
Ihre Resultats-Entwicklung
Sie haben dieses Quiz noch nicht gespielt